00392 a2200157 4500003000400000005001700004008004100021020001500062040000900077082002000086100003000106245004200136250001300178260003300191300001000224OSt20231204123026.0231204b |||||||| |||| 00| 0 eng d a8171304729 coclc a894.8123bBAS/J aBasheer, Vaikom Muhammad  aJanmadinam /cVaikom Muhammad Basheer a28th ed. aKottayam:bD C Books,c2023. a104p.